| 000 | 01383nam a22003497a 4500 | ||
|---|---|---|---|
| 003 | CHAP | ||
| 005 | 20220329134539.0 | ||
| 008 | 971013s1980 r 00010 d | ||
| 010 | _a21967 | ||
| 011 | _a22939 | ||
| 035 | _a27034 | ||
| 040 | _cCHAP | ||
| 082 |
_a632 _bA8 1980 |
||
| 110 |
_aAssociation de Coordination Technique Agricole. Paris _98147 |
||
| 245 |
_aGuide practique de défense des cultures _b: reconnaissance des ennemis, notions de protection des cultures |
||
| 250 | _a3 ed. | ||
| 260 |
_aParis : _bAssociation de Coordination Technique Agricole, _c1980 |
||
| 300 |
_a419 p. _b: ilus |
||
| 500 | _aSupl. liste des produits autorisés: insecticides, fungicides, herbicides, Paris: Association do Coordination Technique Agricole, 1982. c.a. 16 p. | ||
| 590 |
_aBATCH-UPD _b10 _c20130110 _lUCH01 _h1745 |
||
| 590 |
_aBATCH-UPD _b10 _c20130410 _lUCH01 _h1124 |
||
| 590 |
_aBATCH-UPD _b10 _c20130914 _lUCH01 _h1117 |
||
| 590 |
_aCONVERSION _b10 _c20130109 _lUCH01 _h1313 |
||
| 650 | 1 | 4 |
_aCultivos _xEnfermedades. _930262 |
| 650 | 1 | 4 |
_aCultivos _xPlagas. _930305 |
| 650 | 1 | 4 |
_aFitopatología. _941161 |
| 901 | _aBK | ||
| 942 | _cLIBRO | ||
| 949 |
_a632 A8 1980 _bBC _cC _d-62475 _eC _h54198 _i27034 _si _t570.00 |
||
| 949 |
_a632 A8 1980 _bBC _cC _d33724000646915 _eC _fc.2 _h55618 _i27034 _si _t570.00 |
||
| 949 |
_a632 A8 1980 _bBC _cESP _d-100230 _eESP _fSupl. _h66376 _i27034 _si _t570.00 |
||
| 999 |
_c21967 _d21967 |
||